LEADER 01325nam0 2200289 i 450 001 VAN0059898 005 20070620120000.0 010 $a88-7988-000-4 100 $a20070618e1955 |0itac50 ba 101 $aita 102 $aIT 105 $a|||| ||||| 200 1 $aˆI ‰Goti in Occidente$eproblemi$esettimane di studio del Centro italiano di studi sull'alto Medioevo, 3.$e29 marzo-5 aprile 1955 210 $aSpoleto$cpresso la sede del Centro$d1956 215 $a695 p., [22] c. di tav.$cill.$d22 cm. 410 1$1001VAN0057407$12001 $aSettimane di studio del Centro italiano di studi sull'alto Medioevo$1210 $aSpoleto$cCentro italiano di studi sull'alto Medioevo.$v3 606 $aEuropa$xSec. 9.-11.$3VANC021035$2FI 620 $dSpoleto$3VANL000143 676 $a940.14$v21 710 02$aCentro italiano di studi sull'alto Medioevo$3VANV023363$0172535 712 $aCentro italiano di studi sull'alto Medioevo$3VANV108396$4650 801 $aIT$bSOL$c20230616$gRICA 899 $aBIBLIOTECA DEL DIPARTIMENTO DI LETTERE E BENI CULTURALI$1IT-CE0103$2VAN07 912 $aVAN0059898 950 $aBIBLIOTECA DEL DIPARTIMENTO DI LETTERE E BENI CULTURALI$d07CONS D Spoleto 1(3) $e07 66524 20070618 996 $aGoti in Occidente$9165845 997 $aUNICAMPANIA LEADER 01065nam0 22002891i 450 001 VAN00045941 005 20240806100437.478 010 $a04-7155-034-5 100 $a20060601d1996 |0itac50 ba 101 $aeng 102 $aUS 105 $a|||| ||||| 200 1 $aEngineering optimization$etheory and practice$fSingiresu S. Rao 205 $a3. ed 210 $aChichester$cWiley$d1996 215 $aXXII, 903 p.$cill.$d25 cm 500 1$3VAN00243783$aEngineering optimization : theory and practice$92967305 620 $aUS$dNew York$3VANL000011 676 $a620.0042$v21 700 1$aRao$bS. S.$3VANV036787$0556950 712 $aWiley $3VANV108092$4650 801 $aIT$bSOL$c20240906$gRICA 899 $aBIBLIOTECA DEL DIPARTIMENTO DI INGEGNERIA$1IT-CE0100$2VAN05 912 $aVAN00045941 950 $aBIBLIOTECA DEL DIPARTIMENTO DI INGEGNERIA$d05PREST D 375 $e05 2772 20060601 996 $aEngineering optimization : theory and practice$92967305 997 $aUNICAMPANIA